<?xml version="1.0" encoding="UTF-8"?>
<record
    xmlns:xsi="http://www.w3.org/2001/XMLSchema-instance"
    xsi:schemaLocation="http://www.loc.gov/MARC21/slim http://www.loc.gov/standards/marcxml/schema/MARC21slim.xsd"
    xmlns="http://www.loc.gov/MARC21/slim">

  <leader>01260nab a2200217 i 4500</leader>
  <controlfield tag="001">170414</controlfield>
  <controlfield tag="003">ES-MaACL</controlfield>
  <controlfield tag="005">20260201140952.0</controlfield>
  <controlfield tag="008">090304m18861887sp            000 0 spa d</controlfield>
  <datafield tag="100" ind1="1" ind2=" ">
    <subfield code="a">Silvela, Francisco,</subfield>
    <subfield code="d">1845-1905</subfield>
    <subfield code="9">106425</subfield>
  </datafield>
  <datafield tag="245" ind1="1" ind2="0">
    <subfield code="a">Jovellanos - La propiedad territorial y el cultivo en 1800 - El plan de la Ley Agraria - La desamortizaci&#xF3;n - El porvenir y las necesidades de la agricultura espa&#xF1;ola : 13&#xAA; conferencia [del ciclo "La Espa&#xF1;a del siglo XIX, Ateneo Cient&#xED;fico, Literario y Art&#xED;stico de Madrid] / </subfield>
    <subfield code="c">orador, Francisco Silvela.</subfield>
  </datafield>
  <datafield tag="600" ind1="1" ind2="0">
    <subfield code="a">Jovellanos, Gaspar Melchor de,</subfield>
    <subfield code="d">1744-1811</subfield>
    <subfield code="9">222580</subfield>
  </datafield>
  <datafield tag="610" ind1="2" ind2="4">
    <subfield code="a">Ateneo de Madrid-</subfield>
    <subfield code="v">Conferencias-</subfield>
    <subfield code="y">S.XIX.</subfield>
    <subfield code="9">1910</subfield>
  </datafield>
  <datafield tag="610" ind1="2" ind2="4">
    <subfield code="a">Ateneo de Madrid-</subfield>
    <subfield code="v">Obras digitalizadas.</subfield>
    <subfield code="9">1930</subfield>
  </datafield>
  <datafield tag="650" ind1=" " ind2="4">
    <subfield code="a">Agricultura-</subfield>
    <subfield code="z">Espa&#xF1;a-</subfield>
    <subfield code="y">S.XIX</subfield>
    <subfield code="9">9682</subfield>
  </datafield>
  <datafield tag="773" ind1="0" ind2=" ">
    <subfield code="t"> La Espa&#xF1;a del siglo XIX : colecci&#xF3;n de conferencias hist&#xF3;ricas celebradas durante el curso de 1885-86 [y curso de 1886-87], </subfield>
    <subfield code="d">Madrid : Librer&#xED;a de Don Antonio San Mart&#xED;n, 1886-1887,</subfield>
    <subfield code="g">T.2, p. 37-67</subfield>
    <subfield code="0">82158</subfield>
    <subfield code="9">85194</subfield>
    <subfield code="w">82158</subfield>
  </datafield>
  <datafield tag="856" ind1="4" ind2=" ">
    <subfield code="u">http://www.ateneodemadrid.com/biblioteca_digital/folletos/Folletos-0101.pdf</subfield>
    <subfield code="z">Ver documento</subfield>
  </datafield>
  <datafield tag="942" ind1=" " ind2=" ">
    <subfield code="c">ANAM</subfield>
    <subfield code="2">udc</subfield>
  </datafield>
  <datafield tag="999" ind1=" " ind2=" ">
    <subfield code="c">170414</subfield>
    <subfield code="d">170414</subfield>
  </datafield>
</record>
